LEADER 00937nam0-22002651i-450- 001 990003007530403321 005 20070904143630.0 035 $a000300753 035 $aFED01000300753 035 $a(Aleph)000300753FED01 035 $a000300753 100 $a20030910d1995----km-y0itay50------ba 101 0 $aita 102 $aIT 200 1 $a<>allocazione del portafoglio secondo classi di attività finanziarie$eil caso dei fondi comuni di investimento in Italia$fAndrea Beltratti 210 $aMilano$cUniversità commerciale Luigi Bocconi$d1995 225 1 $aQuaderni di ricerca$fCentro di economia monetaria e finanziaria Paolo Baffi$v98 700 1$aBeltratti,$bAndrea$f<1959- >$0115285 801 0$aIT$bUNINA$gRICA$2UNIMARC 901 $aBK 912 $a990003007530403321 952 $aPaper 1/98$fSES 959 $aSES 996 $aAllocazione del portafoglio secondo classi di attività finanziarie$9468309 997 $aUNINA LEADER 11263nam 2200565 450 001 996466734103316 005 20231110222057.0 010 $a3-662-63760-X 035 $a(MiAaPQ)EBC6804050 035 $a(Au-PeEL)EBL6804050 035 $a(CKB)19410539900041 035 $a(OCoLC)1285780363 035 $a(PPN)258841044 035 $a(EXLCZ)9919410539900041 100 $a20220813d2021 uy 0 101 0 $aeng 135 $aurcnu|||||||| 181 $ctxt$2rdacontent 182 $cc$2rdamedia 183 $acr$2rdacarrier 200 00$aAir pollution modeling and its application XXVII /$fedited by Clemens Mensink and Volker Matthias 210 1$aBerlin, Germany ;$aNew York, New York :$cSpringer-Verlag,$d[2021] 210 4$d©2021 215 $a1 online resource (357 pages) 225 1 $aSpringer Proceedings in Complexity 311 08$aPrint version: Mensink, Clemens Air Pollution Modeling and Its Application XXVII Berlin, Heidelberg : Springer Berlin / Heidelberg,c2021 9783662637593 320 $aIncludes bibliographical references and index. 327 $aIntro -- Organizing Committee -- Preface-50th Anniversary of ITM -- Contents -- Contributors -- Aerosols in the Atmosphere -- Role of Organic Aerosol Chemistry Schemes on Particulate Matter Modeling in Europe -- 1 Introduction -- 2 Method -- 3 Results and Discussion -- 4 Conclusion -- References -- Questions and Answers -- Biogenic Emissions and Urban Air Quality -- 1 Introduction -- 2 Model Setup -- 3 Model Results -- 4 Conclusion -- References -- Questions and Answers -- Global Simulations of Ice Nuclei Particles Derived from Organics and Inorganics Particles -- 1 Introduction -- 2 Methods -- 2.1 The Global Model -- 2.2 Calculation of Potential INP Concentrations -- 3 Results -- References -- Questions and Answers -- Estimating Aerosol Loads and Aerosol-Cloud-Interaction in the 1980s and Today -- 1 Introduction and Motivation -- 2 Methods -- 3 Results and Discussion -- 4 Further Conclusions -- References -- Questions and Answers -- Characterisation of Light-Absorbing Particles in the Brussels Sub-urban Atmosphere and Implications for the Emission Scheme of a Regional Chemical Transport Model -- 1 Introduction -- 2 Methods -- 3 Results -- 4 Conclusion -- References -- Questions and Answers -- Emission Modeling and Processing -- Traffic Emissions 2040-Impact on Air Quality in Germany -- 1 Introduction -- 2 Traffic Emissions -- 3 Atmospheric Concentration Patterns -- 3.1 Situation in 2010 -- 3.2 Future Scenarios -- 4 Conclusion -- References -- Questions and Answers -- Biogenic VOC Emission Modeling for Spain: Adaptation of the National Forest Inventory as Input for MEGANv3 -- 1 Introduction -- 2 Methodology -- 2.1 Spanish National Forest Inventory -- 2.2 BVOC Emission Potentials Distribution -- 3 Results -- 4 Conclusion -- References -- Question and Answer. 327 $aAlteration of Vehicle Propellant Use and the Impact on CO2 Emissions and NO2 Concentrations in Gothenburg and Mölndal -- 1 Introduction -- 2 Method -- 3 Results and Discussion -- 3.1 Emission Calculations -- 3.2 Dispersion Simulations -- 3.3 Population Exposure -- 4 Summary and Conclusion -- References -- Regional and Intercontinental Modeling -- Improvements of Chemical Transport Modeling Over the Last 40 Years-A Personal Journey -- 1 Introduction -- 2 A Short History -- 3 Chemical Transport Modeling -- 4 Highlights of Ph.D.-Studies Over the Last 30 Years -- 5 Model Improvement -- 6 Conclusions -- References -- Questions and Answers -- Timely Update of Emission Inventories with the Use of Satellite Data -- 1 Introduction -- 2 Methodology -- 3 Results and Discussion -- 4 Conclusion -- References -- Questions and Answers -- Modeling Atmospheric Composition in the Summertime Arctic: Transport of North American Biomass Burning Pollutants and Their Impact on the Arctic Marine Boundary Layer Clouds -- 1 Introduction -- 2 Transport Cases During the 2014 NETCARE Field Campaign -- 3 Impact of NA Wildfire Pollutants on Arctic Low-Level Clouds -- References -- Questions and Answers -- Effect of Aerosol Nitrate Photolysis on Wintertime Air Quality -- 1 Introduction -- 2 Method -- 3 Results and Discussion -- 4 Conclusion -- References -- Questions and Answers -- Improved Estimation of Background Ozone and Emission Impacts Using Chemical Transport Modeling and Data Fusion -- 1 Introduction -- 2 Methods -- 3 Results and Discussion -- References -- Questions and Answers -- Same Model (CAMx6.50), Same Year (2010), Two Different European Projects: How Similar Are the Results? -- 1 Introduction -- 2 Method -- 3 Results and Discussion -- 4 Conclusion -- References -- Questions and Answers. 327 $aSMART Modeling Suite: Assessment of the Turbulence Parameterisation for the Simulation of Atmospheric Circulation and Dispersion -- 1 Introduction -- 2 The Parameterisations and the Simulations -- 3 Results and Discussion -- References -- Questions and Answers -- Analysis of the Zero-Out Method of Source Apportionment for Air Quality Modeling in Spain -- 1 Introduction -- 2 Materials and Methods -- 3 Results and Discussion -- 3.1 Ozone -- 3.2 Nitrogen Dioxide and Particulate Matter -- 4 Conclusions -- References -- Questions and Answers -- Spatio-Temporal Modeling of Grass and Birch Pollen in Belgium -- 1 Introduction -- 2 Data and Methods -- 3 Results and Discussions -- 4 Conclusions -- References -- Multi-compartment Chemistry Transport Models -- 1 Introduction -- 2 Mercury -- 3 Model and Domain -- 4 Conclusions -- References -- Climate Change Projections for Bulgaria According to RCP45 Scenario Until 2099 -- 1 Introduction -- 2 Data and Experiment Design -- 3 Results -- 4 Conclusion -- References -- Data Assimilation and Air Quality Forecasting -- Interpreting Measurements from Air Quality Sensor Networks: Data Assimilation and Physical Modeling -- 1 Introduction -- 2 Methodology -- 3 Operational Phase -- 4 Conclusion -- References -- Need and Potential Benefits of Improving Aloft Air Pollution Characterization: A Modeling Perspective -- 1 Introduction -- 2 Variations in Surface and Aloft O3 -- 3 Impact of Assimilating Aloft O3 -- 4 A Possible Aloft Monitoring Strategy -- References -- Optimal Interpolation Based Data Fusion Techniques to Improve Deterministic Air Quality Forecast -- 1 Introduction -- 2 Methodology -- 2.1 Weighted Mean Approach -- 2.2 Least-Square Error Approach -- 3 Case Study -- 4 Conclusion -- References -- Questions and Answers -- Eigenmode-Based Parameter Perturbation for Stochastic Chemistry Transport Modeling. 327 $a1 Introduction -- 2 Method -- 3 Results -- 4 Conclusion -- References -- Questions and Answers -- Evolution of the Performance of the Canadian Operational Regional Air Quality Deterministic Prediction System from 2010 to 2019 -- 1 Introduction -- 2 Evaluation Methodology -- 3 Results and Discussion -- 4 Conclusions -- References -- Questions and Answers -- Statistical Methods to Forecast Air Quality in Taipa Ambient and Taipa Residential of Macao -- 1 Introduction -- 2 Methodology -- 3 Results and Discussion -- 4 Conclusion -- References -- Modeling Air Pollution in a Changing Climate -- Impacts of Fine Particulate Matter and Climate Change on Human Health Over Europe-Present and Future Scenarios -- 1 Introduction -- 2 Methodology -- 2.1 Exposure-Response Functions -- 2.2 Simulation WRF-Chem -- 3 Results and Discussion -- 4 Conclusion -- References -- Questions and Answers -- Air Quality Effects on Human Health and Ecology -- Assessing the Impact of the Po Valley Air Quality Plan (Italy) -- 1 Introduction -- 2 Materials and Methods -- 3 Case Study -- 4 Conclusion -- References -- Question and Answer -- Innovative Atmospheric Dispersion Modelling in Support of Smart Farming Applications Within the Frame of the EU LIFE+?GAIA SENSE Project -- 1 Introduction -- 2 Methodology -- 3 Modelling Methodology for Assessing Air Quality Impacts -- 4 Conclusion -- References -- Modeling Chain Set up  for the Assessment of Policy Impacts on Air Quality and Human Health -- 1 Introduction -- 2 Materials and Methods -- 2.1 Models -- 2.2 Scenarios -- 3 Results and Discussion -- 4 Conclusion -- References -- Modeling of Pollutant Emissions from a Diesel Power Station and Dispersion Over Extremely Complex Topography -- 1 Introduction -- 2 Methodology -- 2.1 Study Area -- 2.2 Modelling Tools -- 2.3 MEMO Input Data -- 2.4 Emission Estimations and MARS-aero Input Data. 327 $a3 Results and Discussion -- 4 Conclusions -- References -- Local and Urban Scale Modeling -- The Lagrangian Approach to Dispersion Modeling: Why We Like It (and What We Did with It) -- 1 Introduction -- 2 Historical Trace -- 3 More Recent Developments and Our Work in the Meantime -- 4 Discussion and Conclusion -- References -- Questions and Answers -- Modeling Setup for Assessing the Impact of Stakeholders and Policy Scenarios on Air Quality at Urban Scale -- 1 Introduction -- 2 Air Quality Impacts Assessment -- 2.1 Impact Assessment of Scenarios -- 3 Conclusions -- References -- Question and Answer -- Urban Atmospheric Chemistry with the EPISODE-CityChem Model -- 1 Introduction -- 2 The EPISODE-CityChem Model -- 3 Results -- 4 Conclusion -- References -- Questions and Answers -- The Impact of BVOC Emissions from Urban Trees on O3 Production in Urban Areas Under Heat-Period Conditions -- 1 Heat-Periods, Urban Trees and Urban Air Quality -- 2 Research Domain and CTM Setup -- 3 Modeling Urban Tree-Specific BVOC Emissions in Urban Areas -- 4 Simulated Effects of UGI BVOC Emissions on Ozone -- 5 Conclusion -- References -- Questions and Answers -- Implementation and Application of the Online Coupled Chemistry Model of the Microscale Urban Climate Model PALM-4U -- 1 Introduction -- 2 PALM-4U Chemistry Implementation -- 3 Case Study for a City Quarter of Berlin, Germany -- 4 Conclusions and Outlook -- References -- Questions and Answers -- Urgency Management of Adverse Atmospheric Releases with a Forefront Multi-scale High Resolution Modeling and Decision-Support System -- 1 Introduction -- 2 Downscaling and Upscaling Flow and Dispersion Modeling -- 3 Validation of the Local Scale Modeling System -- 3.1 Description of the Experimental Test-Cases -- 3.2 Overview of PMSS Validation Against Michelstadt Wind Tunnel Results. 327 $a3.3 Overview of PMSS Validation Against CUTE Field and Wind Tunnel Results. 410 0$aSpringer Proceedings in Complexity 606 $aEnvironmental sciences 606 $aAir quality 606 $aAir$xPollution$xMathematical models 615 0$aEnvironmental sciences. 615 0$aAir quality. 615 0$aAir$xPollution$xMathematical models. 676 $a628.53015118 702 $aMensink$b Clemens 702 $aMatthias$b Volker 801 0$bMiAaPQ 801 1$bMiAaPQ 801 2$bMiAaPQ 906 $aBOOK 912 $a996466734103316 996 $aAir pollution modeling and its application XXVII$92905346 997 $aUNISA LEADER 07647nam 22007575 450 001 9910678264103321 005 20251020130412.0 010 $a3-031-20463-8 024 7 $a10.1007/978-3-031-20463-0 035 $a(MiAaPQ)EBC7208065 035 $a(Au-PeEL)EBL7208065 035 $a(CKB)26189267000041 035 $a(DE-He213)978-3-031-20463-0 035 $a(PPN)269093648 035 $a(EXLCZ)9926189267000041 100 $a20230301d2023 u| 0 101 0 $aeng 135 $aurcnu|||||||| 181 $ctxt$2rdacontent 182 $cc$2rdamedia 183 $acr$2rdacarrier 200 10$aAdvances in Geospatial Technology in Mining and Earth Sciences $eSelected Papers of the 2nd International Conference on Geo-spatial Technologies and Earth Resources 2022 /$fedited by Long Quoc Nguyen, Luyen Khac Bui, Xuan-Nam Bui, Hai Thanh Tran 205 $a1st ed. 2023. 210 1$aCham :$cSpringer International Publishing :$cImprint: Springer,$d2023. 215 $a1 online resource (547 pages) 225 1 $aEnvironmental Science and Engineering,$x1863-5539 311 08$aPrint version: Nguyen, Long Quoc Advances in Geospatial Technology in Mining and Earth Sciences Cham : Springer International Publishing AG,c2023 9783031204623 320 $aIncludes bibliographical references. 327 $aChapter 1: 202 Application of Unmanned Aerial Vehicles for Surveying and Mapping in Mines: A Review -- Chapter 2: 147 Traditional and Advanced Techniques for Extraction of Large Dimension Stone Blocks for Rock-cladding and Monumental Purposes -- Chapter 3: 017 Mining-induced Land Subsidence Detected by Persistent Scatterer InSAR: Case Study in Pniówek Coal Mine, Silesian Voivodeship, Poland -- Chapter 4: 156 Slope Stability Evaluation of Fenghuangshan Landfill Under Rainfall Condition: A Case Study -- Chapter 5: 117 Forecasting PM10 Concentration from Blasting Operations in Open-Pit Mines Using Unmanned Aerial Vehicles and Adaptive Neuro-Fuzzy Inference System -- Chapter 6: 066 Assessing the Effect of Open-pit Mining Activities and Urbanization on Fine Particulate Matter (PM2.5) Concentration by Using Remote Sensing Imagery. A Case Study in Binh Duong Province, Vietnam -- Chapter 7: 016 Effect of Loading Frequency on the Liquefaction Resistance of Poorly Graded Sand -- Chapter 8: 144 An Automatic Method for Clay Minerals Extraction from Landsat 8 OLI Data. A Case Study in Chi Linh City, Hai Duong Province -- Chapter 9: 009 Evaluation of the Precision of SARAL/AltiKa and Sentinel-3A Satellite Altimetry Data over the Vietnam Sea and Its Surroundings -- Chapter 10: 070 Detection of GNSS-TEC Noise Related to the Tonga Volcanic Eruption Using Optimization Machine Learning Techniques and Integrated Data -- Chapter 11: 149 Stability of Road Embankments on Weak Soils -- Chapter 12: 053 Indirect Georeferencing in Terrestrial Laser Scanning: One-step and Two-step Approaches -- Chapter 13: 196 Technological Solutions for Fly Ash and Red Mud Upcycling Approach the Vietnam's Government Target of Net-zero Carbon By 2050 -- Chapter 14: 153 Pile-soil Interaction Mechanism and Optimization Measures Based on Finite Element Method -- Chapter 15: 055 Determination of Illegal Signs of Coal Mining Expansion in Thai Nguyen Province, Vietnam From a Combination of Radar and Optical Imagery Mine Production Tracking Platform and Its Initial Application in the Digital Transformation for a Vietnamese Coal Exploitation Company Chapter 21: 163 Shear Strength of Poorly Graded Granular Material in Multi-stage Direct Shear Test -- Chapter 22: 152 High?resolution Seismic Reflection Survey of Young Sediment at Can Gio Coast, Ho Chi Minh City, Vietnam -- Chapter 23: 140 Analysis of Geological Structures by 2D Magnetotelluric Inversion in Bang Hot Spring Area, Quang Binh Province -- Chapter 24: 119 Physicochemical characteristics of the Middle Triassic Limestone in Ha Nam Province, Vietnam and the Ability of Adsorption of Heavy Metal Ions from Aqueous Environments -- Chapter 25: 159 Local Mechanical Behaviors of Steel Box Girder During Skew Incremental Launching -- Chapter 26: 094 GIS Applications in Land Adaptability Mapping for Perennial Industrial Crops in Nghe An Province -- Chapter 27: 083 Land-use and Land-cover Change Detection and Classification to Analyze Dynamics of Dragon Fruit Farming in Sand Dunes Area of Binh Thuan Province of Vietnam -- Chapter 28: 059 Random Forest Analysis of Land Use and Land Cover Change Using Sentinel-2 Data in Van Yen, Yen Bai Province -- Chapter 29: 155 Engineering Geological Problems of Foundation Pit Construction in Quaternary Strata: Taking Suzhou Area as An example Chapter 30: 034 Roof Condition Characteristics Affecting the Stability of Coal Pillars and Retained Roadway -- Chapter 31: 194 On the Flow Assurance for Un-Insulated Subsea Pipeline Systems: Application on the Multiphase Pipeline from Pearl Field to FPSO Ruby II Offshore Vietnam -- Chapter 32: 017 Detection of Underground Anomalies by Evaluation of Ground Penetrating Radar Attribute Combination -- Chapter 33: 157 Dynamic Failure Process of Soil Particles at the End of Shield Tunnel Based on Discrete Element -- Chapter 34: 205 Early Triassic Tectonic Evolution in the Northeastern Kontum Massif: New Constrains from the S-type Granite in Ba To Area, Quang Ngai Province, Central Vietnam -- Chapter 35: 035 Proposal of Study on InSAR-based Land Subsidence Analysis as Basis for Subsequent Hydro-mechanical Modeling: A Case Study of the Hanoi City, Vietnam. 330 $aThis volume composes the proceedings of the international Conference on Geo-Spatial Technologies and Earth Resources (GTER 2022) which was co-organized by Hanoi University of Mining and Geology, and the International Society for Mine Surveying (ISM) held at Hanoi city on October 13?14, 2022. GTER 2022 is technically co-sponsored by Vietnam Mining Science and Technology Association (VMST), Vietnam Association of Geodesy, Cartography and Remote Sensing (VGCR), Vietnam National Coal-Mineral Industries Holding Corporation Limited (VINACOMIN), and the Dong Bac Corporation (NECO). GTER 2022 aims to bring together experts, researchers, engineers, and policymakers to discuss and exchange their knowledge and experiences in recent Geospatial technologies, advances in Mining and Earth Sciences. 410 0$aEnvironmental Science and Engineering,$x1863-5539 606 $aEarth sciences 606 $aGeography 606 $aMining engineering 606 $aUnderground construction 606 $aGeographic information systems 606 $aMineralogy 606 $aGeology 606 $aEarth and Environmental Sciences 606 $aMining and Exploration 606 $aUnderground Engineering and Tunnel Construction 606 $aGeographical Information System 606 $aMineralogy 606 $aGeology 615 0$aEarth sciences. 615 0$aGeography. 615 0$aMining engineering. 615 0$aUnderground construction. 615 0$aGeographic information systems. 615 0$aMineralogy. 615 0$aGeology. 615 14$aEarth and Environmental Sciences. 615 24$aMining and Exploration. 615 24$aUnderground Engineering and Tunnel Construction. 615 24$aGeographical Information System. 615 24$aMineralogy. 615 24$aGeology. 676 $a910.285 702 $aNguyen$b Long Quoc 801 0$bMiAaPQ 801 1$bMiAaPQ 801 2$bMiAaPQ 906 $aBOOK 912 $a9910678264103321 996 $aAdvances in Geospatial Technology in Mining and Earth Sciences$93070724 997 $aUNINA